An offering of swans, and other poems /

Bibliographic Details
Main Author: Gogarty, Oliver St. John, 1878-1957
Format: Book
Language:English
Published: London : Eyre & Spottiswoode, [1924]

MARC

Tag First Indicator Second Indicator Subfields
LEADER 00000cam a2200000 a 4500
001 in00003431663
005 20151206100547.0
008 140429r19241923enkfc 000 0 eng
010 |a  84254344  
035 |a (OCoLC)ocm12839665 
035 |a (OCoLC)12839665 
040 |a DLC  |b eng  |c DLC  |d OCLCG  |d CUI  |d TXA  |d UtOrBLW 
049 |a TXAM 
050 1 4 |a PR6013.O28  |b O3 
082 0 |a 821/.912  |2 19 
090 |a PR6013.O28  |b O35 1924 
100 1 |a Gogarty, Oliver St. John,  |d 1878-1957. 
245 1 3 |a An offering of swans, and other poems /  |c by Oliver St. John Gogarty. 
264 1 |a London :  |b Eyre & Spottiswoode,  |c [1924] 
300 |a 57 pages, 1 unnumbered leaf of plates :  |b 1 portrait ;  |c 24 cm. 
336 |a text  |b txt  |2 rdacontent 
337 |a unmediated  |b n  |2 rdamedia 
338 |a volume  |b nc  |2 rdacarrier 
500 |a With a pref. by W.B. Yeats. 
500 |a Sixty-three poems, the first 23 of which were published in 1923 as: An offering of swans. 
500 |a The Cushing Library/Celtic Literature Collection copy is inscribed by the author and was the presentation copy to Judge Richard Campbell. 
510 4 |a Wade, A. Yeats,  |c 274 
776 0 8 |i Online version:  |a Gogarty, Oliver St. John, 1878-1957.  |t Offering of swans, and other poems.  |d London : Eyre & Spottiswoode, [1924]  |w (OCoLC)557953941 
948 |a cataloged  |b h  |c 2014/5/6  |d c  |e junters  |f 2:43:02 pm 
994 |a C0  |b TXA 
999 |a MARS 
999 f f |s 0e176bfa-3ef0-3c9b-8599-69262ed81215  |i 5e62b820-29d5-39d3-9e1e-bee41ff5f064  |t 0 
952 f f |p noncirc  |a Texas A&M University  |b College Station  |c Cushing Memorial Library & Archives  |d Cushing: Celtic Literature (Does not check out)  |t 0  |e PR6013.O28 O35 1924  |h Library of Congress classification  |i unmediated -- volume 
998 f f |a PR6013.O28 O35 1924  |t 0  |l Cushing: Celtic Literature (Does not check out)